| 000 | 00000nam##2200000za#4500 |
| 001 | 9.626336 |
| 003 | CaOODSP |
| 005 | 20210615104455 |
| 007 | ta |
| 008 | 150406|2003||||xxc||||| f|0| 0 fre|d |
| 040 | |aCaOODSP|bfre |
| 043 | |an-cn--- |
| 086 | 1 |aNH18-22/103-114F |
| 110 | 2 |aSociété canadienne d'hypothèques et de logement. |
| 245 | 10|aCarte routière technologique du bâtiment intelligent |
| 260 | |bSociété canadienne d'hypothèques et de logement |c2003. |
| 300 | |a4p. ; |c28 cm. |
| 490 | 1 |aLe point en recherche. Série technique |v03-114 |
| 520 | 3 |aCes rapports techniques résument un large éventail d’études, de rapports et d’ouvrages divers relatifs au logement. Ils se penchent sur des questions aussi diversifiées que l’aménagement paysager à peu d’entretien dans le Nord; les possibilités d’action pour obtenir des environnements intérieurs sains; et divers aspects de la performance des installations, comme la performance de l’enveloppe de tours d’habitation, la performance de divers matériaux de construction, et l’évaluation de la performance d’installations de chauffage urbain. |
| 563 | |aDépliant |
| 590 | |a03-36|b2003-09-05 |
| 691 | 07|aLogement|2gcpds |
| 691 | 07|aTechnologie|2gcpds |
| 775 | 08|tTechnology roadmap for intelligent buildings |w(CaOODSP)9.616517 |
| 776 | 0#|tCarte routière technologique du bâtiment intelligent |w(CaOODSP)9.607934 |
| 830 | #0|aLe point en recherche. Série technique ;|v03-114|w(CaOODSP)9.513179 |